Spegni la luna /

সংরক্ষণ করুন:
গ্রন্থ-পঞ্জীর বিবরন
প্রধান লেখক: Nicita, Alessandra (লেখক)
অন্যান্য লেখক: Vaglio, Valeria
বিন্যাস: অডিও
ভাষা:ইতালিয়
প্রকাশিত: [Nardò : Salento books : Besa, 2013!
ট্যাগগুলো: ট্যাগ যুক্ত করুন
কোনো ট্যাগ নেই, প্রথমজন হিসাবে ট্যাগ করুন!

MARC

LEADER 00000njm a22000007i 4500
001 IT\ICCU\LO1\1490245
003 ItRI
005 20250210115540.0
008 130819s2013 it mu ||| ||||c
040 |b ita  |c Arcigay Rimini 
041 7 |a ita  |2 ISO-639-2 
100 1 |a Nicita, Alessandra  |0 IT\ICCU\RMBV\189842  |4 aut 
245 1 0 |a Spegni la luna /  |c voce A. Nicita ; musica e testo V. Vaglio. 
260 |a [Nardò :  |b Salento books :  |b Besa,  |c 2013! 
300 |a 1 compact disc (09 min., 23 sec.) ;  |c 12 cm. 
700 1 |a Vaglio, Valeria  |0 IT\ICCU\LO1V\408436 
772 1 |w IT\ICCU\LO1\1490239  |t Arrivò l'amore e non fu colpa mia 
942 |2 ddc  |c MU 
981 1 |6 z01  |a d   |b bxxa  
982 1 |6 z01  |a a 
999 |c 2090  |d 2090